Every Active Station on Sodor (Railway Series) - Statistics

General Stats
  • This quiz has been taken 8 times
  • The average score is 28 of 43
Answer Stats
Answer Branch Lines / Other Railways % Correct
Arlesdale
100%
Brendam
100%
Crovan's Gate Cros-ny-Cuirn Glennock Rheneas Lakeside Skarloey
100%
Dryaw
100%
Dryaw Goods Station
100%
Ffarquhar
100%
Knapford Knapford Harbour Dryaw Goods Station Dryaw Toryreck Elsbridge Hackenbeck Ffarquhar
100%
Knapford Harbour
100%
Maron
100%
Rheneas
100%
Skarloey
100%
Suddery
100%
Tidmouth Haultraugh Arlesburgh West
100%
Ballahoo
75%
Culdee Fell Summit
75%
Devil's Back
75%
Harwick Harwick
75%
Marthwaite
75%
Peel Godred Marthwaite
75%
Vicarstown
75%
Wellsworth Suddery Brendam
75%
Arlesburgh Bridge Street
50%
Arlesburgh West Arlesdale
50%
Arlesdale Green
50%
Cronk
50%
Elsbridge
50%
Haultraugh Arlesdale Green
50%
Killdane Kirk Machan Abbey Peel Godred
50%
Kirk Machan Arlesburgh Bridge Street
50%
Kirk Ronan
50%
Lakeside
50%
Norramby
50%
Rolf's Castle
50%
Shiloh
50%
Skarloey Road
50%
Abbey Ffarquhar Road
25%
Crosby
25%
Cros-ny-Cuirn
25%
Ffarquhar Road
25%
Glennock
25%
Hackenbeck
25%
Kellsthorpe Road Rolf's Castle Kirk Ronan
25%
Toryreck
25%
No matching quizzes found
Score Distribution
Percent of People with Each Score
Percentile by Number Answered
Your Score History
You have not taken this quiz